Vývoj metód a procesov chromatografickej separácie ľudského rekombinantného erytropoetínu
Uložené v:
| Hlavný autor: | |
|---|---|
| Ďalší autori: | |
| Médium: | Rukopis Kniha |
| Jazyk: | Slovak |
| Vydavateľské údaje: |
2021
|
| Predmet: | |
| On-line prístup: | http://is.stuba.sk/zp/portal_zp.pl?podrobnosti=145769 |
| Tagy: |
Žiadne tagy, Buďte prvý, kto otaguje tento záznam!
|
MARC
| LEADER | 00000ntm a22000003a 4500 | ||
|---|---|---|---|
| 001 | stuzp66195 | ||
| 003 | SK-STU | ||
| 005 | 20210320210240.2 | ||
| 007 | ta | ||
| 008 | 150427s2015----xo-----f-mn---000-0-slo-d | ||
| 040 | |a STU |b slo | ||
| 041 | 0 | |a slo | |
| 100 | 1 | |a Molnár, Tomáš |u 046230 |k Z2 |4 aut |U FCHPT Ústav chemického a environmentálneho inžinierstva |T FCHPT Oddelenie chemického a biochemického inžinierstva |X 40479 |U C6230 |Y 119 |7 A0000040479 | |
| 242 | 0 | 1 | |a Development of methods and processes of chromatographic separation of recombinant human erytropoietin |y eng |
| 245 | 1 | 0 | |a Vývoj metód a procesov chromatografickej separácie ľudského rekombinantného erytropoetínu |
| 260 | |c 2021 | ||
| 650 | 4 | |a multimodálna chromatografia |2 slo | |
| 650 | 4 | |a ionovýmenná chromatografia |2 slo | |
| 650 | 4 | |a hydrofóbna interakčná chromatografia |2 slo | |
| 650 | 4 | |a chromatografická separácia |2 slo | |
| 650 | 4 | |a rekombinantný ľudský erytropoetín |2 slo | |
| 650 | 4 | |a multimodal chromatography |2 eng | |
| 650 | 4 | |a ion-exchange chromatography |2 eng | |
| 650 | 4 | |a chromatographic separation |2 eng | |
| 650 | 4 | |a recombinant human erythropoietin |2 eng | |
| 650 | 4 | |a hydrophobic interaction chromatography |2 eng | |
| 700 | 1 | |a Polakovič, Milan |u 046000 |k Z1 |4 ths |U FCHPT Fakulta chemickej a potravinárskej technológie |T FCHPT Ústav chemického a environmentálneho inžinierstva |X 3882 |U C6000 |Y 104 |7 A000003882 | |
| 856 | 4 | |u http://is.stuba.sk/zp/portal_zp.pl?podrobnosti=145769 | |